书目信息 |
| 书名: | Engineering | |
| 作者: | Sarina J. Ergas. | |
| 分册号: | ||
| 分册名: | 出版地: | MASSACHUSERRS : |
|
| 出版社: | Mcgraw-Hill Primis, Martin-schinzinger, Hillier-lieberman | |
| 出版时间: | 2003. | |
| 页数: | 792 p. ; | |
| 开本: | 26cm. | |
| 丛书名: | ||
| 中图分类号: | ||
| 科图分类号: | ||
| 其他分类号: | T-0 | |
| 主题词: | ||
| 电子资源: | ||
| 000 | 00496nam 2200157 a 4500 | |
| 001 | E0752460235 | |
| 005 | 20070708145900.06 | |
| 008 | 070708s2003 00010 eng | |
| 020 | @a0-390-50595-1. | |
| 040 | @aPFT@beng | |
| 090 | @aT-0 | |
| 099 | @dT-0@ex5 | |
| 245 | @aEngineering / @cSarina J. Ergas. | |
| 260 | @aMASSACHUSERRS :@bMcgraw-Hill Primis, Martin-schinzinger, Hillier-lieberman,@c2003. | |
| 300 | @a792 p. ;@c26cm. | |
| 500 | @acourse: cee:270 systems analysis and economics for civil engineers | |
| Engineering / / Sarina J. Ergas.-MASSACHUSERRS : : Mcgraw-Hill Primis, Martin-schinzinger, Hillier-lieberman, , 2003. |
| 792 p. ; ; 26cm. |
| course: cee:270 systems analysis and economics for civil engineers |
| ISBN 0-390-50595-1. |
| ● |
| 相关链接 |
|
|
|
|
正题名:Engineering
索取号:T-0/x5
 
预约/预借
| 序号 | 登录号 | 条形码 | 馆藏地/架位号 | 状态 | 备注 |
| 1 | 0011500 | 300115006 | 第二样本阅览室/ [索取号:T-0/x5] | 在馆 | |
| 2 | 12958 | 300129581 | 第四借阅区/ [索取号:T-0/x5] | 在馆 | |
| 3 | 12959 | 300129590 | 第四借阅区/ [索取号:T-0/x5] | 在馆 | |
| 4 | 12960 | 300129607 | 第四借阅区/ [索取号:T-0/x5] | 在馆 |